[Event "2024 National Middle School Championship"]
[Site "Atlanta, Georgia, United States"]
[Date "2024.05.11"]
[Round "3.7"]
[White "Vemparala, Nikash"]
[Black "Natha, Nirav"]
[Result "1-0"]
[TimeControl "G/90;d10"]
[WhiteElo "2171"]
[BlackElo "1987"]

1. e4 {[%clk 01:30:00]} {[%emt 00:00:09]} e5 {[%clk 01:29:57]} {[%emt
00:00:13]} 2. Nf3 {[%clk 01:30:00]} {[%emt 00:00:07]} Nf6 {[%clk 01:29:57]}
{[%emt 00:00:05]} 3. Nxe5 {[%clk 01:30:00]} {[%emt 00:00:11]} d6 {[%clk
01:29:54]} {[%emt 00:00:13]} 4. Nf3 {[%clk 01:30:00]} {[%emt 00:00:04]} Nxe4
{[%clk 01:29:54]} {[%emt 00:00:04]} 5. Nc3 {[%clk 01:30:00]} {[%emt 00:00:03]}
Nxc3 {[%clk 01:29:29]} {[%emt 00:00:35]} 6. dxc3 {[%clk 01:30:00]} {[%emt
00:00:04]} Be7 {[%clk 01:29:18]} {[%emt 00:00:20]} 7. Bf4 {[%clk 01:25:53]}
{[%emt 00:04:17]} Nd7 {[%clk 01:25:31]} {[%emt 00:03:58]} 8. Qd2 {[%clk
01:24:52]} {[%emt 00:01:10]} Nf6 {[%clk 01:25:21]} {[%emt 00:00:16]} 9. O-O-O
{[%clk 01:22:54]} {[%emt 00:02:10]} O-O {[%clk 01:25:14]} {[%emt 00:00:18]} 10.
Bd3 {[%clk 01:20:26]} {[%emt 00:02:38]} a5 {[%clk 01:24:13]} {[%emt 00:01:12]}
11. h3 {[%clk 01:17:17]} {[%emt 00:03:20]} d5 {[%clk 01:20:21]} {[%emt
00:04:01]} 12. g4 {[%clk 01:14:57]} {[%emt 00:02:30]} c5 {[%clk 01:05:10]}
{[%emt 00:15:21]} 13. c4 {[%clk 01:11:31]} {[%emt 00:03:36]} b5 {[%clk
00:53:40]} {[%emt 00:11:40]} 14. g5 {[%emt 00:15:45]} Ne4 {[%clk 00:47:51]} 15.
Qe3 {[%clk 01:00:36]} {[%emt 00:01:27]} Nd6 {[%emt 00:09:40]} 16. cxd5 {[%clk
00:51:50]} {[%emt 00:00:02]} c4 {[%clk 00:44:14]} {[%emt 00:03:12]} 17. Be2
{[%clk 00:43:15]} {[%emt 00:08:45]} Re8 {[%clk 00:42:02]} {[%emt 00:02:22]} 18.
Ne5 {[%emt 00:01:54]} Nf5 {[%clk 00:41:40]} {[%emt 00:00:30]} 19. Qf3 {[%clk
00:28:14]} {[%emt 00:13:29]} Bxg5 {[%clk 00:37:56]} {[%emt 00:03:54]} 20. Nc6
{[%clk 00:21:48]} {[%emt 00:06:37]} Bxf4+ {[%clk 00:37:43]} {[%emt 00:00:22]}
21. Qxf4 {[%clk 00:20:15]} {[%emt 00:01:42]} Qf6 {[%clk 00:36:56]} {[%emt
00:00:57]} 22. Rhe1 {[%clk 00:18:28]} {[%emt 00:01:58]} Bd7 {[%clk 00:31:05]}
{[%emt 00:06:01]} 23. Bf3 {[%clk 00:17:24]} {[%emt 00:01:14]} c3 {[%clk
00:24:42]} {[%emt 00:06:32]} 24. Ne5 {[%clk 00:17:09]} {[%emt 00:00:26]} cxb2+
{[%clk 00:24:21]} {[%emt 00:00:31]} 25. Kb1 {[%clk 00:16:38]} {[%emt 00:00:40]}
Qd6 {[%clk 00:23:10]} {[%emt 00:01:20]} 26. Re4 {[%clk 00:13:05]} {[%emt
00:03:45]} Rac8 {[%clk 00:13:43]} {[%emt 00:09:37]} 27. Nxd7 {[%clk 00:11:04]}
{[%emt 00:02:11]} Rxe4 {[%clk 00:11:01]} {[%emt 00:02:52]} 28. Qxe4 {[%clk
00:07:48]} {[%emt 00:03:26]} Qxd7 {[%clk 00:11:01]} {[%emt 00:00:10]} 29. Bg4
{[%emt 00:00:06]} g6 {[%clk 00:10:30]} {[%emt 00:00:38]} 30. Rg1 {[%clk
00:06:16]} {[%emt 00:01:42]} Kf8 {[%clk 00:10:23]} {[%emt 00:00:18]} 31. Qe5
{[%clk 00:05:16]} {[%emt 00:01:10]} Qc7 {[%clk 00:04:35]} {[%emt 00:05:59]} 32.
Qh8+ {[%clk 00:05:16]} {[%emt 00:00:05]} Ke7 {[%clk 00:04:35]} 33. d6+ {[%clk
00:04:04]} {[%emt 00:01:22]} Nxd6 {[%clk 00:04:35]} {[%emt 00:00:01]} 34. Bxc8
{[%clk 00:04:00]} {[%emt 00:00:13]} Qxc8 {[%clk 00:03:45]} {[%emt 00:01:00]} 35.
Re1+ {[%clk 00:04:00]} Kd7 {[%clk 00:03:45]} {[%emt 00:00:02]} 36. Qf6 {[%clk
00:03:36]} {[%emt 00:00:35]} Qc4 {[%clk 00:03:09]} {[%emt 00:00:46]} 37. Qe7+
{[%clk 00:02:22]} {[%emt 00:01:24]} Kc6 {[%clk 00:03:09]} {[%emt 00:00:02]} 38.
Rd1 {[%emt 00:01:15]} Ne4 {[%clk 00:02:15]} 39. Qd7+ {[%clk 00:02:22]} Kb6
{[%clk 00:02:15]} {[%emt 00:00:02]} 40. Rd4 {[%clk 00:01:11]} {[%emt 00:01:21]}
Nc3+ {[%clk 00:02:07]} {[%emt 00:00:18]} 41. Kxb2 {[%clk 00:01:11]} {[%emt
00:00:02]} Na4+ {[%clk 00:01:55]} {[%emt 00:00:22]} 42. Kc1 {[%clk 00:01:08]}
{[%emt 00:00:13]} Qxa2 {[%clk 00:01:47]} {[%emt 00:00:18]} 43. Rd6+ {[%clk
00:00:57]} {[%emt 00:00:21]} Kc5 {[%clk 00:01:47]} 44. Rc6+ {[%clk 00:00:57]}
{[%emt 00:00:08]} Kb4 {[%clk 00:01:47]} {[%emt 00:00:03]} 45. Qd6+ {[%clk
00:00:57]} {[%emt 00:00:02]} Nc5 {[%clk 00:01:47]} {[%emt 00:00:02]} 46. Qxc5+
{[%clk 00:00:52]} {[%emt 00:00:15]} Ka4 {[%clk 00:01:47]} 47. Rb6 {[%clk
00:00:44]} {[%emt 00:00:18]} Qa1+ {[%clk 00:01:47]} {[%emt 00:00:07]} 48. Kd2
{[%clk 00:00:44]} Qb2 {[%clk 00:01:47]} {[%emt 00:00:01]} 49. Qc3 {[%clk
00:00:44]} {[%emt 00:00:07]} Qb1 {[%clk 00:01:46]} {[%emt 00:00:10]} 50. Ra6
{[%clk 00:00:44]} {[%emt 00:00:05]} b4 {[%clk 00:01:46]} {[%emt 00:00:06]} 51.
Qc6+ {[%clk 00:00:44]} {[%emt 00:00:10]} Ka3 {[%clk 00:01:46]} 52. Rxa5+ {[%clk
00:00:44]} {[%emt 00:00:04]} Kb2 {[%clk 00:01:46]} {[%emt 00:00:02]} 53. Qf6#
{[%clk 00:00:44]} 1-0

[Event "2024 National Middle School Championship"]
[Site "Atlanta, Georgia, United States"]
[Date "2024.05.11"]
[Round "3.8"]
[White "Chen, Alan Zishun"]
[Black "Shangin, Lev"]
[Result "1/2-1/2"]
[TimeControl "G/90;d10"]
[WhiteElo "1961"]
[BlackElo "2170"]

1. e4 {[%clk 01:30:00]} c5 {[%clk 01:30:00]} {[%emt 00:00:06]} 2. c3 {[%clk
01:30:00]} {[%emt 00:00:03]} Nf6 {[%clk 01:30:00]} {[%emt 00:00:06]} 3. e5
{[%clk 01:30:00]} {[%emt 00:00:03]} Nd5 {[%clk 01:30:00]} {[%emt 00:00:05]} 4.
d4 {[%clk 01:30:00]} {[%emt 00:00:04]} cxd4 {[%clk 01:30:00]} {[%emt 00:00:10]}
5. Nf3 {[%clk 01:30:00]} {[%emt 00:00:06]} d6 {[%clk 01:29:42]} {[%emt
00:00:29]} 6. cxd4 {[%clk 01:30:00]} {[%emt 00:00:07]} Nc6 {[%clk 01:29:42]}
{[%emt 00:00:05]} 7. Bc4 {[%clk 01:30:00]} {[%emt 00:00:07]} dxe5 {[%clk
01:29:05]} {[%emt 00:00:47]} 8. Bxd5 {[%clk 01:30:00]} {[%emt 00:00:10]} Qxd5
{[%clk 01:27:53]} {[%emt 00:01:22]} 9. Nc3 {[%clk 01:29:59]} {[%emt 00:00:11]}
Qd6 {[%clk 01:23:14]} {[%emt 00:04:50]} 10. d5 {[%clk 01:29:56]} {[%emt
00:00:14]} Nd8 {[%clk 01:15:09]} {[%emt 00:08:15]} 11. O-O {[%clk 01:27:15]}
{[%emt 00:02:51]} e6 {[%clk 01:12:44]} {[%emt 00:02:35]} 12. Qc2 {[%clk
01:17:26]} {[%emt 00:09:58]} Bd7 {[%clk 01:06:56]} {[%emt 00:05:59]} 13. Rd1
{[%clk 01:14:32]} {[%emt 00:03:03]} Rc8 {[%clk 01:03:36]} {[%emt 00:03:31]} 14.
Qe2 {[%clk 01:05:54]} {[%emt 00:08:48]} f6 {[%clk 01:00:06]} {[%emt 00:03:40]}
15. Be3 {[%clk 01:03:03]} {[%emt 00:03:01]} Qa6 {[%clk 00:53:58]} {[%emt
00:06:18]} 16. Qd2 {[%clk 00:57:46]} {[%emt 00:05:26]} Bb4 {[%clk 00:52:39]}
{[%emt 00:01:31]} 17. Rac1 {[%clk 00:54:45]} {[%emt 00:03:11]} O-O {[%clk
00:50:26]} {[%emt 00:02:22]} 18. a3 {[%clk 00:52:44]} {[%emt 00:02:12]} Bxc3
{[%clk 00:44:47]} {[%emt 00:05:48]} 19. Rxc3 {[%clk 00:52:26]} {[%emt
00:00:28]} exd5 {[%clk 00:43:58]} {[%emt 00:00:59]} 20. Qxd5+ {[%clk 00:48:42]}
{[%emt 00:03:54]} Be6 {[%clk 00:43:56]} {[%emt 00:00:12]} 21. Qd2 {[%clk
00:47:06]} {[%emt 00:01:46]} Nc6 {[%clk 00:40:45]} {[%emt 00:03:21]} 22. Qd6
{[%clk 00:44:35]} {[%emt 00:02:41]} Bf7 {[%clk 00:39:58]} {[%emt 00:00:57]} 23.
Rd2 {[%clk 00:41:51]} {[%emt 00:02:55]} Rcd8 {[%clk 00:38:09]} {[%emt
00:01:57]} 24. Qc5 {[%clk 00:41:35]} {[%emt 00:00:27]} Rxd2 {[%clk 00:37:32]}
{[%emt 00:00:47]} 25. Nxd2 {[%clk 00:41:27]} {[%emt 00:00:18]} Rd8 {[%clk
00:37:11]} {[%emt 00:00:30]} 26. b4 {[%clk 00:40:07]} {[%emt 00:01:30]} Qe2
{[%clk 00:34:51]} {[%emt 00:02:30]} 27. h3 {[%clk 00:39:55]} {[%emt 00:00:22]}
Nd4 {[%clk 00:33:31]} {[%emt 00:01:31]} 28. Rc1 {[%clk 00:38:13]} {[%emt
00:01:51]} Qd3 {[%clk 00:31:17]} {[%emt 00:02:24]} 29. Kh2 {[%clk 00:37:47]}
{[%emt 00:00:37]} Qxa3 {[%clk 00:29:51]} {[%emt 00:01:35]} 30. Rc3 {[%clk
00:36:46]} {[%emt 00:01:10]} Qa6 {[%clk 00:28:40]} {[%emt 00:01:22]} 31. Qc7
{[%clk 00:34:24]} {[%emt 00:02:33]} Re8 {[%clk 00:27:22]} {[%emt 00:01:28]} 32.
Qd7 {[%clk 00:33:37]} {[%emt 00:00:56]} Qb5 {[%clk 00:24:16]} {[%emt 00:03:17]}
33. Rc7 {[%clk 00:33:22]} {[%emt 00:00:25]} Qxd7 {[%clk 00:23:47]} {[%emt
00:00:40]} 34. Rxd7 {[%clk 00:33:22]} {[%emt 00:00:06]} Rb8 {[%clk 00:22:44]}
{[%emt 00:01:13]} 35. Bxd4 {[%clk 00:30:45]} {[%emt 00:02:47]} exd4 {[%clk
00:22:44]} 36. Rxd4 {[%clk 00:30:45]} {[%emt 00:00:09]} Be8 {[%clk 00:20:51]}
{[%emt 00:02:03]} 37. Ne4 {[%clk 00:29:46]} {[%emt 00:01:08]} Bc6 {[%clk
00:19:45]} {[%emt 00:01:17]} 38. Nc5 {[%clk 00:28:08]} {[%emt 00:01:48]} b6
{[%clk 00:18:17]} {[%emt 00:01:37]} 39. Ne6 {[%clk 00:26:50]} {[%emt 00:01:27]}
Re8 {[%clk 00:17:09]} {[%emt 00:01:19]} 40. Rd6 {[%clk 00:24:45]} {[%emt
00:02:15]} Bb7 {[%clk 00:15:35]} {[%emt 00:01:44]} 41. Nxg7 {[%clk 00:23:35]}
{[%emt 00:01:19]} Kxg7 {[%clk 00:12:01]} {[%emt 00:03:45]} 42. Rd7+ {[%clk
00:23:35]} {[%emt 00:00:04]} Kg6 {[%clk 00:12:01]} {[%emt 00:00:05]} 43. Rxb7
{[%clk 00:23:35]} {[%emt 00:00:06]} Re4 {[%clk 00:12:01]} {[%emt 00:00:02]} 44.
Rxa7 {[%clk 00:23:08]} {[%emt 00:00:37]} Rxb4 {[%clk 00:12:01]} {[%emt
00:00:01]} 45. g4 {[%clk 00:22:00]} {[%emt 00:01:18]} h5 {[%clk 00:10:05]}
{[%emt 00:02:06]} 46. gxh5+ {[%clk 00:21:36]} {[%emt 00:00:34]} Kxh5 {[%clk
00:10:05]} 47. Rb7 {[%clk 00:21:27]} {[%emt 00:00:19]} Rb3 {[%clk 00:09:48]}
{[%emt 00:00:26]} 48. Rg7 {[%clk 00:20:14]} {[%emt 00:01:23]} b5 {[%clk
00:09:42]} {[%emt 00:00:17]} 49. Kg2 {[%clk 00:19:57]} {[%emt 00:00:26]} b4
{[%clk 00:09:33]} {[%emt 00:00:20]} 50. Rg8 {[%clk 00:19:39]} {[%emt 00:00:27]}
Rc3 {[%clk 00:08:51]} {[%emt 00:00:52]} 51. Rg4 {[%clk 00:18:46]} {[%emt
00:01:02]} b3 {[%clk 00:08:47]} {[%emt 00:00:15]} 52. Rb4 {[%clk 00:18:46]}
{[%emt 00:00:04]} f5 {[%clk 00:07:56]} {[%emt 00:01:01]} 53. Kh2 {[%clk
00:18:07]} {[%emt 00:00:48]} Kg5 {[%clk 00:07:37]} {[%emt 00:00:30]} 54. h4+
{[%clk 00:17:21]} {[%emt 00:00:57]} Kh5 {[%clk 00:07:10]} {[%emt 00:00:36]} 55.
Kg2 {[%clk 00:17:13]} {[%emt 00:00:19]} Rd3 {[%clk 00:07:03]} {[%emt 00:00:16]}
56. Kh2 {[%clk 00:17:05]} {[%emt 00:00:18]} Rd2 {[%clk 00:05:26]} {[%emt
00:01:48]} 57. Rxb3 {[%clk 00:17:00]} {[%emt 00:00:14]} Rxf2+ {[%clk 00:05:26]}
{[%emt 00:00:05]} 1/2-1/2

[Event "2024 National Middle School Championship"]
[Site "Atlanta, Georgia, United States"]
[Date "2024.05.11"]
[Round "3.9"]
[White "Mynala, Rahul"]
[Black "Williams, Oscar Izzy"]
[Result "1-0"]
[TimeControl "G/90;d10"]
[WhiteElo "1946"]
[BlackElo "2160"]

1. d4 {[%clk 01:30:00]} Nf6 {[%clk 01:30:00]} {[%emt 00:00:05]} 2. Nf3 {[%clk
01:30:00]} {[%emt 00:00:05]} g6 {[%clk 01:30:00]} {[%emt 00:00:06]} 3. Nc3
{[%clk 01:30:00]} {[%emt 00:00:04]} d5 {[%clk 01:30:00]} {[%emt 00:00:06]} 4.
Bf4 {[%clk 01:30:00]} {[%emt 00:00:06]} Bg7 {[%clk 01:29:53]} {[%emt 00:00:17]}
5. Nb5 {[%clk 01:30:00]} {[%emt 00:00:08]} Na6 {[%clk 01:29:53]} {[%emt
00:00:07]} 6. e3 {[%clk 01:30:00]} {[%emt 00:00:05]} O-O {[%clk 01:29:27]}
{[%emt 00:00:35]} 7. Nc3 {[%clk 01:30:00]} {[%emt 00:00:06]} Nb8 {[%clk
01:23:07]} {[%emt 00:06:31]} 8. Nb5 {[%clk 01:30:00]} {[%emt 00:00:08]} Na6
{[%clk 01:23:07]} {[%emt 00:00:07]} 9. Nc3 {[%clk 01:30:00]} {[%emt 00:00:07]}
c5 {[%clk 01:17:44]} {[%emt 00:05:34]} 10. Bxa6 {[%clk 01:29:49]} {[%emt
00:00:21]} bxa6 {[%clk 01:17:27]} {[%emt 00:00:27]} 11. dxc5 {[%clk 01:29:49]}
{[%emt 00:00:05]} Qa5 {[%clk 01:17:04]} {[%emt 00:00:33]} 12. Qd4 {[%clk
01:27:50]} {[%emt 00:02:08]} Ne4 {[%clk 01:05:46]} {[%emt 00:11:29]} 13. Be5
{[%clk 01:26:46]} {[%emt 00:01:14]} Nxc3 {[%clk 01:04:45]} {[%emt 00:01:11]} 14.
bxc3 {[%clk 01:26:46]} {[%emt 00:00:03]} Bxe5 {[%clk 01:03:55]} {[%emt
00:01:00]} 15. Nxe5 {[%clk 01:26:46]} {[%emt 00:00:02]} Bf5 {[%clk 00:57:13]}
{[%emt 00:06:51]} 16. g4 {[%clk 01:14:45]} {[%emt 00:12:12]} Bxc2 {[%clk
00:50:40]} {[%emt 00:06:44]} 17. Rc1 {[%clk 01:14:35]} {[%emt 00:00:19]} Ba4
{[%clk 00:41:03]} {[%emt 00:09:46]} 18. g5 {[%clk 01:12:02]} {[%emt 00:02:44]}
f6 {[%clk 00:33:34]} {[%emt 00:07:38]} 19. Ng4 {[%clk 01:04:58]} {[%emt
00:07:15]} Kg7 {[%clk 00:33:06]} {[%emt 00:00:39]} 20. h4 {[%clk 01:04:13]}
{[%emt 00:00:54]} Bd7 {[%clk 00:27:55]} {[%emt 00:05:20]} 21. h5 {[%clk
01:00:53]} {[%emt 00:03:31]} Bxg4 {[%clk 00:27:19]} {[%emt 00:00:46]} 22. Qxg4
{[%clk 00:59:54]} {[%emt 00:01:10]} Qc7 {[%clk 00:21:39]} {[%emt 00:06:07]} 23.
hxg6 {[%clk 00:51:04]} {[%emt 00:09:00]} hxg6 {[%clk 00:21:30]} {[%emt
00:00:18]} 24. gxf6+ {[%clk 00:51:03]} {[%emt 00:00:12]} exf6 {[%clk 00:20:25]}
{[%emt 00:01:16]} 25. Kd2 {[%clk 00:47:31]} {[%emt 00:03:41]} Qf7 {[%clk
00:17:24]} {[%emt 00:03:10]} 26. Rb1 {[%clk 00:39:04]} {[%emt 00:08:37]} d4
{[%clk 00:15:01]} {[%emt 00:02:32]} 27. exd4 {[%clk 00:38:52]} {[%emt
00:00:24]} Qxa2+ {[%clk 00:13:25]} {[%emt 00:01:46]} 28. Kd3 {[%clk 00:38:52]}
Qd5 {[%clk 00:12:34]} {[%emt 00:00:59]} 29. c4 {[%clk 00:38:20]} {[%emt
00:00:44]} Qf7 {[%clk 00:11:27]} {[%emt 00:01:16]} 30. c6 {[%clk 00:37:41]}
{[%emt 00:00:50]} Rab8 {[%clk 00:10:48]} {[%emt 00:00:49]} 31. Qf4 {[%clk
00:36:50]} {[%emt 00:01:01]} g5 {[%clk 00:09:12]} {[%emt 00:01:46]} 32. Qf5
{[%clk 00:36:50]} {[%emt 00:00:08]} Qg6 {[%clk 00:08:52]} {[%emt 00:00:30]} 33.
Qxg6+ {[%clk 00:36:50]} {[%emt 00:00:05]} Kxg6 {[%clk 00:08:52]} {[%emt
00:00:05]} 34. d5 {[%clk 00:36:44]} {[%emt 00:00:16]} Kf5 {[%clk 00:08:19]}
{[%emt 00:00:43]} 35. Kd4 {[%clk 00:36:26]} {[%emt 00:00:28]} Rbe8 {[%clk
00:07:56]} {[%emt 00:00:33]} 36. Rhe1 {[%clk 00:36:21]} {[%emt 00:00:15]} Rc8
{[%clk 00:07:45]} {[%emt 00:00:21]} 37. Kc5 {[%clk 00:36:15]} {[%emt 00:00:17]}
1-0

[Event "2024 National Middle School Championship"]
[Site "Atlanta, Georgia, United States"]
[Date "2024.05.11"]
[Round "3.10"]
[White "Kao, Jamison Edrich"]
[Black "Zhang, Sunny"]
[Result "1/2-1/2"]
[TimeControl "G/90;d10"]
[WhiteElo "2139"]
[BlackElo "1939"]

1. e4 {[%clk 01:30:00]} {[%emt 00:00:02]} e5 {[%clk 01:30:00]} {[%emt
00:00:08]} 2. Nf3 {[%clk 01:30:00]} {[%emt 00:00:02]} Nc6 {[%clk 01:30:00]}
{[%emt 00:00:04]} 3. Nc3 {[%clk 01:30:00]} {[%emt 00:00:01]} Nf6 {[%clk
01:30:00]} {[%emt 00:00:05]} 4. Bb5 {[%clk 01:30:00]} {[%emt 00:00:02]} Bb4
{[%clk 01:29:44]} {[%emt 00:00:27]} 5. O-O {[%clk 01:30:00]} {[%emt 00:00:03]}
O-O {[%clk 01:28:45]} {[%emt 00:01:09]} 6. d3 {[%clk 01:30:00]} {[%emt
00:00:03]} d6 {[%clk 01:27:44]} {[%emt 00:01:10]} 7. Ne2 {[%clk 01:29:34]}
{[%emt 00:00:36]} Bg4 {[%clk 01:26:34]} {[%emt 00:01:20]} 8. c3 {[%clk
01:29:34]} {[%emt 00:00:08]} Ba5 {[%clk 01:26:19]} {[%emt 00:00:25]} 9. Ng3
{[%clk 01:29:34]} {[%emt 00:00:04]} a6 {[%clk 01:25:02]} {[%emt 00:01:27]} 10.
Ba4 {[%clk 01:29:14]} {[%emt 00:00:30]} b5 {[%clk 01:22:36]} {[%emt 00:02:36]}
11. Bc2 {[%clk 01:29:13]} {[%emt 00:00:11]} d5 {[%clk 01:21:02]} {[%emt
00:01:44]} 12. h3 {[%clk 01:26:59]} {[%emt 00:02:24]} Be6 {[%clk 01:20:39]}
{[%emt 00:00:33]} 13. d4 {[%clk 01:21:03]} {[%emt 00:06:07]} exd4 {[%clk
01:08:29]} {[%emt 00:12:20]} 14. e5 {[%clk 01:20:17]} {[%emt 00:00:55]} Ne4
{[%clk 01:06:14]} {[%emt 00:02:24]} 15. Nxe4 {[%clk 01:19:54]} {[%emt
00:00:34]} dxe4 {[%clk 01:06:14]} {[%emt 00:00:06]} 16. Bxe4 {[%clk 01:19:54]}
{[%emt 00:00:05]} Bd5 {[%clk 01:05:09]} {[%emt 00:01:15]} 17. Bxd5 {[%clk
01:19:33]} {[%emt 00:00:31]} Qxd5 {[%clk 01:05:09]} {[%emt 00:00:05]} 18. cxd4
{[%clk 01:19:25]} {[%emt 00:00:17]} Rad8 {[%clk 01:04:03]} {[%emt 00:01:16]} 19.
Be3 {[%clk 01:18:04]} {[%emt 00:01:31]} Bb6 {[%clk 01:03:28]} {[%emt 00:00:46]}
20. Rc1 {[%clk 01:16:08]} {[%emt 00:02:05]} Nxd4 {[%clk 00:59:15]} {[%emt
00:04:23]} 21. Bxd4 {[%clk 01:15:44]} {[%emt 00:00:35]} Bxd4 {[%clk 00:59:15]}
{[%emt 00:00:07]} 22. Qxd4 {[%clk 01:14:38]} {[%emt 00:01:16]} Qxd4 {[%clk
00:59:15]} {[%emt 00:00:10]} 23. Nxd4 {[%clk 01:14:38]} {[%emt 00:00:03]} Rxd4
{[%clk 00:59:15]} {[%emt 00:00:07]} 24. Rc2 {[%emt 00:00:30]} c6 25. Rxc6
{[%clk 01:14:17]} Rd2 {[%clk 00:57:10]} {[%emt 00:02:15]} 26. Rc7 {[%clk
00:43:40]} h6 {[%clk 00:54:53]} {[%emt 00:33:13]} 27. Rb1 {[%clk 00:35:17]}
Rfd8 {[%clk 00:53:29]} {[%emt 00:10:07]} 28. a3 {[%clk 00:22:09]} Re2 {[%clk
00:49:33]} {[%emt 00:17:24]} 29. Rc6 {[%clk 00:22:06]} Rd5 {[%emt 00:01:19]} 30.
b4 Rdd2 {[%clk 00:48:37]} 31. Rf1 {[%clk 00:22:06]} {[%emt 00:00:08]} Rxe5
{[%clk 00:47:36]} {[%emt 00:01:12]} 32. Rxa6 {[%clk 00:22:06]} {[%emt
00:00:04]} Ra2 {[%clk 00:46:51]} {[%emt 00:00:54]} 33. Ra7 {[%clk 00:17:09]}
{[%emt 00:05:08]} Ree2 {[%clk 00:45:31]} {[%emt 00:01:29]} 34. Ra5 {[%clk
00:16:52]} {[%emt 00:00:28]} Reb2 {[%clk 00:43:20]} {[%emt 00:02:21]} 35. g3
{[%clk 00:16:43]} {[%emt 00:00:19]} Rb3 {[%clk 00:42:31]} {[%emt 00:00:59]} 36.
Rxb5 {[%clk 00:16:43]} {[%emt 00:00:04]} Raxa3 {[%clk 00:42:10]} {[%emt
00:00:31]} 37. Re1 {[%clk 00:15:30]} {[%emt 00:01:23]} Rb2 {[%clk 00:40:56]}
{[%emt 00:01:23]} 38. Re3 {[%clk 00:14:25]} {[%emt 00:01:15]} Rxe3 {[%clk
00:39:59]} {[%emt 00:01:08]} 39. fxe3 {[%clk 00:13:51]} {[%emt 00:00:44]} Kh7
{[%clk 00:36:34]} {[%emt 00:03:34]} 40. Rb8 {[%clk 00:13:25]} {[%emt 00:00:36]}
Kg6 {[%clk 00:35:31]} {[%emt 00:01:13]} 41. Rb7 {[%clk 00:10:20]} {[%emt
00:03:15]} Kf6 {[%clk 00:32:49]} {[%emt 00:02:52]} 42. h4 {[%clk 00:05:47]}
{[%emt 00:04:44]} Re2 {[%clk 00:31:03]} {[%emt 00:01:55]} 43. b5 {[%clk
00:05:15]} {[%emt 00:00:42]} Rxe3 {[%clk 00:29:59]} {[%emt 00:01:14]} 44. Kf2
{[%clk 00:05:15]} {[%emt 00:00:03]} Rb3 {[%clk 00:29:59]} {[%emt 00:00:08]} 45.
b6 {[%clk 00:05:15]} {[%emt 00:00:02]} Kg6 {[%clk 00:29:11]} {[%emt 00:00:58]}
46. Rb8 {[%clk 00:05:15]} {[%emt 00:00:09]} Rb2+ {[%clk 00:28:55]} {[%emt
00:00:27]} 47. Kf3 {[%clk 00:05:08]} {[%emt 00:00:16]} Rb3+ {[%clk 00:28:49]}
{[%emt 00:00:16]} 48. Kf4 {[%clk 00:05:08]} {[%emt 00:00:06]} f6 {[%clk
00:28:09]} {[%emt 00:00:50]} 49. b7 {[%clk 00:05:08]} {[%emt 00:00:09]} Rb4+
{[%clk 00:27:38]} {[%emt 00:00:42]} 50. Kf3 {[%clk 00:04:53]} {[%emt 00:00:25]}
Kh5 {[%clk 00:26:51]} {[%emt 00:00:57]} 51. Rc8 {[%clk 00:01:44]} {[%emt
00:03:18]} Rxb7 {[%clk 00:26:51]} {[%emt 00:00:08]} 52. Rc5+ {[%clk 00:01:44]}
g5 {[%clk 00:25:59]} {[%emt 00:01:01]} 53. hxg5 {[%emt 00:00:36]} hxg5 {[%clk
00:25:52]} {[%emt 00:00:08]} 54. Rc6 {[%clk 00:01:16]} {[%emt 00:00:21]} Rb3+
{[%clk 00:24:56]} {[%emt 00:01:06]} 55. Kg2 {[%clk 00:01:16]} f5 {[%clk
00:24:35]} {[%emt 00:00:31]} 56. Rc4 {[%clk 00:01:16]} {[%emt 00:00:09]}
1/2-1/2